000
00294nam a22001337a 4500
008
181207b xxu||||| |||| 00| 0 eng d
020
_a
0471032948
041
_a
eng
080
_2
3rd
_a
510
100
_a
36
101
_a
MAT
245
_a
Differential Equations
_c
Ross,Sh.L
942
_2
udc
_c
BK
999
_c
53003
_d
53003